000
nam a22 7a 4500
999
_c
53737
_d
53737
003
OSt
005
20220725161915.0
008
220725b xxu||||| |||| 00| 0 eng d
040
_c
IIMT UNIVERSITY MEERUT
100
_a
PARHELL, NULL-C
245
_a
NETWORK ADMINISTRATOR'S REF -1st
260
_b
TMH
300
_a
748
942
_2
ddc
_c
09